Third Route Pokémon - Statistics

General Stats
  • This quiz has been taken 34 times
    22 since last reset
  • The average score is 110 of 155
Answer Stats
Route Game Type Pokémon % Correct
3 C Fairy Clefairy
100%
3 LGPE Normal/Flying Fearow
100%
3 HGSS Normal/Flying Hoothoot
100%
31 GSC Normal/Flying Hoothoot
100%
3 RB Normal/Fairy Jigglypuff
100%
3 Y Fighting Mankey
100%
3 SM Fighting Mankey
100%
3 RB Normal/Flying Pidgey
100%
31 GSC Normal/Flying Pidgey
100%
3 XY Normal/Flying Pidgey
100%
3 Y Normal Rattata
100%
31 GS Normal Rattata
100%
3 SM Normal/Dark* Rattata
100%
3 Y Ground Sandshrew
100%
3 RBY Normal/Flying Spearow
100%
31 GSC Normal/Flying Spearow
100%
3 SM Normal/Flying Spearow
100%
3 LGPE Ice/Flying Articuno
91%
3 (Swarm) HG Ground/Psychic Baltoy
91%
31 (Radio) HGSS Normal Bidoof
91%
203 DPP Normal Bidoof
91%
3 XY Normal Bidoof
91%
3 BW Electric Blitzle
91%
31 GC Bug Caterpie
91%
3 LGPE Fire/Flying Charizard
91%
3 LGPE Fire Charmander
91%
3 LGPE Dragon/Flying Dragonite
91%
3 SC Poison Ekans
91%
3 SwSh Normal/Dark Galarian Zigzagoon
91%
31 C Ghost/Poison Gastly
91%
31 GS Bug/Fighting Heracross
91%
31 C Grass/Flying Hoppip
91%
31 S Bug/Poison Kakuna
91%
203 (Radar) DP Psychic/Fairy Kirlia
91%
31 GC Bug/Flying Ledyba
91%
103 OrAs Normal Lillipup
91%
3 BW Normal Lillipup
91%
31 G Bug Metapod
91%
3 (Radio) HGSS Electric Minun
91%
3 LGPE Fire/Flying Moltres
91%
3 BW Normal Patrat
91%
103 RSE Water/Flying Pelipper
91%
3 BW Normal/Flying Pidove
91%
3 (Radio) HGSS Electric Plusle
91%
103 RSE Dark Poochyena
91%
203 (Radar) DP Psychic/Fairy Ralts
91%
103 RSE Water/Dark Sharpedo
91%
3 (Radio) HGSS Electric Shinx
91%
203 DPP Electric Shinx
91%
31 SC Bug/Poison Spinarak
91%
203 DPP Normal/Flying Starly
91%
103 RSE Water/Poison Tentacool
91%
31 SC Bug/Poison Weedle
91%
103 RSE Water/Flying Wingull
91%
3 LGPE Electric/Flying Zapdos
91%
103 RSE Normal Zigzagoon
91%
3 GSC Poison/Flying Zubat
91%
31 C Poison/Flying Zubat
91%
203 DPP Poison/Flying Zubat
91%
3 SC Poison Arbok
82%
3 BW Water Basculin
82%
31 GSC Grass/Poison Bellsprout
82%
3 (Grotto) BW2 Normal/Water Bibarel
82%
3 BW2 Water/Dark Crawdaunt
82%
3 XY Water/Dark Crawdaunt
82%
3 (Swarm) SS Poison Gulpin
82%
3 BW2 Normal Herdier
82%
203 DPP Bug Kricketot
82%
203 (Slot) DPP Water/Grass Lotad
82%
3 SwSh Fighting Machop
82%
31 GSC Water Magikarp
82%
103 RSE Water Magikarp
82%
203 DPP Water Magikarp
82%
3 XY Water Magikarp
82%
3 FRLG Poison Nidoran (F)
82%
3 FRLG Poison Nidoran (M)
82%
3 HGSS Bug Pineco
82%
31 C Bug Pineco
82%
203 (Slot) DPP Bug Pineco
82%
3 BW Dark Purrloin
82%
3 BW Normal Audino
73%
3 SM Dragon Bagon
73%
3 XY Bug Burmy
73%
3 SM Bug/Fairy Cutiefly
73%
31 C Grass/Psychic Exeggcute
73%
203 DPP Water Goldeen
73%
3 BW Water Goldeen
73%
3 XY Water Goldeen
73%
203 DPP Water/Flying Gyarados
73%
3 XY Water/Flying Gyarados
73%
3 (Grotto) BW2 Water/Grass Lombre
73%
3 XY Electric Pikachu
73%
203 (Slot) DPP Grass Seedot
73%
3 BW2 Normal/Flying Tranquill
73%
3 BW2 Normal Watchog
73%
3 HGSS Bug Wurmple
73%
3 BW2 Water Corphish
64%
3 XY Water Corphish
64%
3 SM Ice/Flying Delibird
64%
3 Sh Fire Growlithe
64%
3 C Normal Raticate
64%
3 (Ally) SM Dragon/Flying Salamence
64%
3 BW2 Normal Stoutland
64%
3 BW2 Bug/Flying Yanma
64%
3 BW2 Electric Zebstrika
64%
203 DPP Psychic Abra
55%
31 GS Normal Aipom
55%
3 XY Normal/Fairy Azurill
55%
3 XY Normal Bunnelby
55%
3 XY Normal/Flying Fletchling
55%
3 USUM Fighting/Flying Hawlucha
55%
31 (Radio) HGSS Normal Linoone
55%
3 XY Water/Fair Marill
55%
203 DPP Water Psyduck
55%
3 SwSh Flying Rookidee
55%
3 SwSh Flying Rookidee
55%
103 OrAs Water Shellos
55%
3 BW2 Normal/Flying Unfezant
55%
3 Sw Fire Vulpix
55%
3 SM Fighting Crabrawler
45%
3 SwSh Grass Gossifleur
45%
3 XY Bug/Flying Masquerain
45%
3 (Grotto) BW2 Electric Pachirisu
45%
31 GSC Water Poliwag
45%
3 SwSh Rock Rolycoly
45%
3 S Normal/Flying Rufflet
45%
203 DPP Water Seaking
45%
3 BW Water Seaking
45%
3 XY Water Seaking
45%
3 SwSh Poison/Dark Stunky
45%
3 (Grotto) BW2 Bug/Poison Venonat
45%
3 M Dark/Flying Vullaby
45%
103 RSE Water Wailmer
45%
3 BW2 Bug/Flying Yanmega
45%
3 SM Normal Yungoos
45%
3 SwSh Flying Corvisquire
36%
3 (Island Scan) SM Fire Cyndaquil
36%
3 XY Normal Dunsparce
36%
203 DPP Water Golduck
36%
3 (Swarm) W Bug Illumise
36%
3 SwSh Fire/Bug Sizzlipede
36%
3 (Swarm) B Bug Volbeat
36%
31 (Radio) HGSS Normal Whismur
36%
31 (Radio) HGSS Water Buizel
27%
3 SwSh Steel Klink
27%
3 SwSh Ground Mudbray
27%
31 GSC Water Poliwhirl
27%
3 SwSh Normal Skwovet
27%
3 SwSh Grass Cherubi
18%
203 (Swarm) DPP Ground Cubone
18%
3 (Grotto) BW2 Electric Manectric
18%
3 SwSh Fighting Pancham
18%
3 SwSh Poison Trubbish
18%
3 SwSh Fighting Tyrogue
18%
103 OrAs Normal/Flying Chatot
9%
No matching quizzes found
Score Distribution
Percent of People with Each Score
Percentile by Number Answered
Your Score History
You have not taken this quiz since the last reset